000 00469nam a2200181Ia 4500
001 3558
005 20260306145652.0
008 260306t1987||||xx |||||||||||||| ||spa||
041 _aESP
082 _a289.4
_bG 67
100 _aGonzález Martinez, José Luis, 1926-
_eAUT
245 0 _aLa religión popular en el Perú, informe y diagnóstico
260 _c1987
300 _a397 páginas :
_c24 cm.
650 _aGEN
654 _aCHU
942 _cLIB
_dJUS
_fJUS
_2ddc
_n
999 _c3558
_d3558